ARRUPE JESUIT UNIVERSITY

CORONAVIRUS -STOP THE SPREAD - CLEAN,DISINFECT,COVER

Perspectives on Africa : (Record no. 131082)

MARC details
000 -LEADER
fixed length control field 01309cam a2200325 a 4500
001 - CONTROL NUMBER
control field 3052455
003 - CONTROL NUMBER IDENTIFIER
control field ARRUPE
005 - DATE AND TIME OF LATEST TRANSACTION
control field 20211102112512.0
008 - FIXED-LENGTH DATA ELEMENTS--GENERAL INFORMATION
fixed length control field 960423s1997 mauab b 000 0 eng
010 ## - LIBRARY OF CONGRESS CONTROL NUMBER
LC control number 96021537
020 ## - INTERNATIONAL STANDARD BOOK NUMBER
International Standard Book Number 1557866856 (acidfree paper)
020 ## - INTERNATIONAL STANDARD BOOK NUMBER
International Standard Book Number 1557866864 (pbk. : acidfree paper)
040 ## - CATALOGING SOURCE
Original cataloging agency DLC
Transcribing agency DLC
Modifying agency DLC
043 ## - GEOGRAPHIC AREA CODE
Geographic area code fb-----
050 00 - LIBRARY OF CONGRESS CALL NUMBER
Classification number GN645
Item number .P47 1997
082 00 - DEWEY DECIMAL CLASSIFICATION NUMBER
Classification number 306/.096
Edition number 20
300 ## - PHYSICAL DESCRIPTION
Other physical details ill., maps ;
Dimensions 25 cm.
245 00 - TITLE STATEMENT
Title Perspectives on Africa :
Remainder of title a reader in culture, history, and representation /
Statement of responsibility, etc edited and introduced by Roy Richard Grinker and Christopher B. Steiner.
260 ## - PUBLICATION, DISTRIBUTION, ETC. (IMPRINT)
Place of publication, distribution, etc Cambridge, Mass :
Name of publisher, distributor, etc Blackwell,
Date of publication, distribution, etc 1997.
300 ## - PHYSICAL DESCRIPTION
Extent xxxi, 736 p. :
504 ## - BIBLIOGRAPHY, ETC. NOTE
Bibliography, etc Includes bibliographical references.
650 #0 - SUBJECT ADDED ENTRY--TOPICAL TERM
Topical term or geographic name as entry element Ethnology
Geographic subdivision Africa, Sub-Saharan.
9 (RLIN) 36531
651 #0 - SUBJECT ADDED ENTRY--GEOGRAPHIC NAME
Geographic name Africa, Sub-Saharan
General subdivision Politics and government.
9 (RLIN) 50920
651 #0 - SUBJECT ADDED ENTRY--GEOGRAPHIC NAME
Geographic name Africa, Sub-Saharan
General subdivision Economic conditions.
9 (RLIN) 20020
651 #0 - SUBJECT ADDED ENTRY--GEOGRAPHIC NAME
Geographic name Africa, Sub-Saharan
General subdivision Social life and customs.
9 (RLIN) 26081
700 1# - ADDED ENTRY--PERSONAL NAME
Personal name Grinker, Roy Richard,
Dates associated with a name 1961-
9 (RLIN) 50921
700 1# - ADDED ENTRY--PERSONAL NAME
Personal name Steiner, Christopher Burghard.
9 (RLIN) 50922
906 ## - LOCAL DATA ELEMENT F, LDF (RLIN)
a 7
b cbc
c orignew
d 1
e ocip
f 19
g y-gencatlg
942 ## - ADDED ENTRY ELEMENTS (KOHA)
Source of classification or shelving scheme Library of Congress Classification
Koha item type Monograph ( Printed materials)
Holdings
Withdrawn status Lost status Source of classification or shelving scheme Damaged status Not for loan Collection code Home library Current library Shelving location Date acquired Total Checkouts Full call number Barcode Date last seen Price effective from Koha item type
    Library of Congress Classification     Main Collection ARRUPE LIBRARY ARRUPE LIBRARY Main Collection 02/11/2021   GN645 .P47 1997 46600007062 02/11/2021 02/11/2021 Monograph ( Printed materials)

 

Arrupe Library. PO Box MP320 Mt Pleasant, Harare, Zimbabwe
263 242 745411|librarian@aju.ac.zw